Vista normal
Vista MARC
Entrada Materia (personas)
Número de registros utilizados en: 1
001 - CONTROL NUMBER
- control field: 168350
003 - CONTROL NUMBER IDENTIFIER
- control field: Co-BoUCM
005 - DATE AND TIME OF LATEST TRANSACTION
- control field: 20211112074852.0
008 - FIXED-LENGTH DATA ELEMENTS
- fixed length control field: 211112|| aca||aabn | a|a d
040 ## - CATALOGING SOURCE
- Original cataloging agency: Co-BoUCM
- Transcribing agency: Co-BoUCM
100 ## - HEADING--PERSONAL NAME
- Personal name: Ingols, Cynthia
670 ## - SOURCE DATA FOUND
- Source citation: Work cat.: (Co-BoUCM)72937: Cawsey, T. F. 168348, Organizational change an action-oriented toolkit, 2012